000 00528nam a2200169Ia 4500
999 _c6603
_d6603
020 _a9788131601952
082 _a330.954 MAJ-I
100 _aMajumder, Rajarshi
245 0 _aInfrastructure and development in India: interlinkages and policy issues
260 _aJaipur
_bRawat Publications
_c2008
300 _axvi, 215
504 _aincludes appendix, bibliography and index
650 _aInfrastructure (Economics)
_vIndia
650 _aIndia
_vEconomic policy
_vIndia
650 _aEconomic development
_vIndia
942 _cBK